000 00237nam a2200097Ia 4500
005 20251222114340.0
008 251222s1900||||xx |||||||||||||| ||spa||
082 _aDVD0010/S29/2004
245 0 _aBatman eternamente:Batman for ever
942 _cDVD
999 _c819
_d819